Agriculture and intellectual property rights / (Record no. 1434)
[ view plain ]
| 000 -LEADER | |
|---|---|
| fixed length control field | 00611cam a2200229ua 4500 |
| 020 ## - INTERNATIONAL STANDARD BOOK NUMBER | |
| ISBN | 81-7371-426-6 |
| 041 ## - LANGUAGE CODE | |
| Language code of text/sound track or separate title | eng |
| 082 ## - DEWEY DECIMAL CLASSIFICATION NUMBER | |
| Classification number | 630.01 |
| Item number | SAN/AG |
| 100 ## - MAIN ENTRY--AUTHOR NAME | |
| Personal name | Santaniello, V. |
| 245 00 - TITLE STATEMENT | |
| Title | Agriculture and intellectual property rights / |
| 250 ## - EDITION STATEMENT | |
| Edition statement | 1 / |
| 260 ## - PUBLICATION, DISTRIBUTION, ETC. (IMPRINT) | |
| Place of publication | Hyderabad : |
| Name of publisher | Universities press India Pvt Ltd , |
| Year of publication | 2003. |
| 300 ## - PHYSICAL DESCRIPTION | |
| Number of Pages | 259 ; . |
| 500 ## - GENERAL NOTE | |
| General note | * CSS |
| 700 1# - ADDED ENTRY--PERSONAL NAME | |
| Personal name | Carlson, G A. |
| 700 1# - ADDED ENTRY--PERSONAL NAME | |
| Personal name | Evenson, R E. |
| 700 1# - ADDED ENTRY--PERSONAL NAME | |
| Personal name | Zibberman, D. |
| 942 ## - ADDED ENTRY ELEMENTS (KOHA) | |
| Koha item type | Books |
| Withdrawn status | Lost status | Damaged status | Home library | Current library | Shelving location | Date acquired | Full call number | Accession Number | Koha item type |
|---|---|---|---|---|---|---|---|---|---|
| KAUAET | KAUAET | Scheme | 14/09/2018 | 630.01 SAN/AG | 20749 | Book Bank scheme for SC students |
